[Event "46th Capablanca Memorial Open A"]
[Site "Havana CUB"]
[Date "2010.05.13"]
[Round "3.20"]
[White "Oms Pallisse, Josep"]
[Black "Ostos, Julio"]
[Result "0-1"]
[WhiteTitle "GM"]
[BlackTitle "IM"]
[WhiteElo "2501"]
[BlackElo "2310"]
[WhiteFideId "2205521"]
[BlackFideId "3900053"]
[EventDate "2011.05.11"]

1. d4 Nf6 2. c4 c5 3. d5 g6 4. Nc3 Bg7 5. e4 O-O 6. Nf3 e6 7. Bd3 d6 8. h3 Na6
9. O-O Nc7 10. Bg5 h6 11. Be3 Nh5 12. Re1 e5 13. Bf1 Qe8 14. Nd2 f5 15. exf5
gxf5 16. Be2 Nf6 17. f4 Ne4 18. Ndxe4 fxe4 19. fxe5 Qxe5 20. Bg4 Bf5 21. Bxf5
Qxf5 22. Qc2 Rae8 23. Rf1 Qg6 24. Ne2 b5 25. Rad1 bxc4 26. Qxc4 Rf3 27. Bxc5
Rxf1+ 28. Rxf1 dxc5 29. Nf4 Qd6 0-1

[Event "46th Capablanca Memorial Open A"]
[Site "Havana CUB"]
[Date "2010.05.13"]
[Round "3.21"]
[White "de Francesco, Klaus"]
[Black "Abreu Delgado, Aryam"]
[Result "1-0"]
[WhiteTitle "FM"]
[BlackTitle "GM"]
[WhiteElo "2312"]
[BlackElo "2485"]
[WhiteFideId "4613945"]
[BlackFideId "3502589"]
[EventDate "2011.05.11"]

1. d4 Nf6 2. c4 g6 3. Nc3 Bg7 4. e4 d6 5. f4 O-O 6. Nf3 c5 7. d5 e6 8. Be2 exd5
9. cxd5 Bg4 10. O-O Nbd7 11. h3 Bxf3 12. Bxf3 c4 13. Be3 a6 14. g4 b5 15. g5 Ne8
16. Qc2 Rc8 17. e5 dxe5 18. f5 gxf5 19. Qxf5 Nd6 20. Qg4 f5 21. gxf6 Nxf6 22.
Qg2 b4 23. Ne4 Nfxe4 24. Bxe4 Nxe4 25. Qxe4 c3 26. bxc3 bxc3 27. Rxf8+ Qxf8 28.
Rf1 Qd6 29. Kh1 Qg6 30. Qa4 Qd3 31. Rg1 Qxd5+ 32. Kh2 Qe6 33. Qe4 Qxa2+ 34. Rg2
Qc4 35. Qxe5 Qc7 36. Rxg7+ Qxg7 37. Qe6+ Qf7 38. Qxc8+ Qf8 39. Qg4+ 1-0

[Event "46th Capablanca Memorial Open A"]
[Site "Havana CUB"]
[Date "2010.05.13"]
[Round "3.22"]
[White "Delgado Ramos, Hector"]
[Black "Machado Escanio, Michel"]
[Result "1-0"]
[WhiteTitle "FM"]
[BlackTitle "FM"]
[WhiteElo "2480"]
[BlackElo "2309"]
[WhiteFideId "3504824"]
[BlackFideId "3506290"]
[EventDate "2011.05.11"]

1. d4 d5 2. c4 Nc6 3. cxd5 Qxd5 4. e3 e5 5. Nc3 Bb4 6. Bd2 Bxc3 7. bxc3 Nf6 8.
c4 Qd6 9. d5 Ne7 10. Qa4+ Bd7 11. Qb3 Ne4 12. Bb4 Nc5 13. Qb2 Bg4 14. f3 Bd7 15.
Rd1 Nf5 16. Kf2 O-O 17. Bd3 Nxd3+ 18. Rxd3 c5 19. Ba3 b6 20. Ne2 Qf6 21. Ng3 Nd6
22. Rc1 h5 23. Kg1 h4 24. Nf1 h3 25. e4 hxg2 26. Qxg2 Qh6 27. Nd2 f5 28. Kh1 Rf6
29. Rg1 Raf8 30. Bc1 Qh7 31. Re3 Rh6 32. Bb2 Nf7 33. f4 Re8 34. exf5 Bxf5 35.
fxe5 Rg6 36. Rg3 Nxe5 37. Bxe5 Rxg3 38. Bxg3 Bh3 39. Qf3 1-0

[Event "46th Capablanca Memorial Open A"]
[Site "Havana CUB"]
[Date "2010.05.13"]
[Round "3.23"]
[White "Castellanos Sanchez, Carlos M"]
[Black "Fernandez Cardoso, Alexey"]
[Result "1/2-1/2"]
[WhiteTitle "FM"]
[BlackTitle "FM"]
[WhiteElo "2293"]
[BlackElo "2473"]
[WhiteFideId "3501310"]
[BlackFideId "3504379"]
[EventDate "2011.05.11"]

1. c4 Nf6 2. Nc3 e6 3. e4 d5 4. e5 Ne4 5. Nxe4 dxe4 6. Qg4 Nc6 7. Qxe4 Qd4 8.
Qxd4 Nxd4 9. Rb1 b6 10. Ne2 Nc2+ 11. Kd1 Nb4 12. Nc3 Bb7 13. a3 Nc6 14. f4 g5
15. fxg5 O-O-O 16. d3 Nxe5 17. Kc2 Bc5 18. b4 Be7 19. h4 h6 20. gxh6 f5 21. Bg5
Bxg5 22. hxg5 Nf7 23. Rh5 Rdg8 24. Re1 Rxg5 25. Rxg5 Nxg5 26. d4 Rxh6 27. d5
exd5 28. cxd5 Ne4 29. Nxe4 fxe4 30. Rxe4 Bxd5 31. Rd4 c6 32. Rg4 b5 33. Rg7 Rf6
34. Bd3 Rf2+ 35. Kc3 Rxg2 36. Rxa7 Ra2 37. Kd4 Kb8 38. Rd7 Rxa3 39. Bxb5 Ra7 1/2-1/2

[Event "46th Capablanca Memorial Open A"]
[Site "Havana CUB"]
[Date "2010.05.13"]
[Round "3.24"]
[White "Diaz Hernandez, Heriberto"]
[Black "Guerra Mendez, Jose Angel"]
[Result "0-1"]
[WhiteTitle "FM"]
[BlackTitle "IM"]
[WhiteElo "2300"]
[BlackElo "2472"]
[WhiteFideId "3508498"]
[BlackFideId "3508129"]
[EventDate "2011.05.11"]

1. e4 e5 2. Nf3 Nc6 3. Bb5 a6 4. Ba4 Nf6 5. d4 exd4 6. O-O Be7 7. e5 Ne4 8. Nxd4
O-O 9. Nf5 Nc5 10. Qg4 g6 11. Nh6+ Kh8 12. Bxc6 bxc6 13. Nc3 d5 14. Qg3 Rb8 15.
b3 a5 16. Ng4 Bf5 17. Nf6 Ne6 18. Qh4 Bxf6 19. exf6 Rg8 20. Bg5 d4 21. Nd1 Bxc2
22. Rc1 d3 23. Kh1 Rb4 24. f4 Nxg5 25. Qxg5 d2 26. Rxc2 Qd3 27. Ne3 Qxf1+ 28.
Nxf1 d1=Q 29. Rf2 Qd4 30. Rf3 Rb5 31. f5 Rxf5 32. Rxf5 gxf5 33. Qxf5 Qd5 34. Qf2
Rg6 0-1

[Event "46th Capablanca Memorial Open A"]
[Site "Havana CUB"]
[Date "2010.05.13"]
[Round "3.25"]
[White "Tovio, Israel"]
[Black "Hevia Alejano, Carlos Antonio"]
[Result "0-1"]
[WhiteTitle "FM"]
[BlackTitle "FM"]
[WhiteElo "2297"]
[BlackElo "2464"]
[WhiteFideId "4402049"]
[BlackFideId "3508811"]
[EventDate "2011.05.11"]

1. e4 c5 2. Nf3 e6 3. b3 d6 4. Bb5+ Nd7 5. Bb2 a6 6. Bxd7+ Bxd7 7. d4 cxd4 8.
Qxd4 Nf6 9. e5 dxe5 10. Nxe5 Rc8 11. Nxd7 Qxd7 12. Qxd7+ Kxd7 13. c4 Bb4+ 14.
Ke2 Ke7 15. a3 Bc5 16. Nd2 Rhd8 17. Bxf6+ gxf6 18. Rhd1 a5 19. Ra2 f5 20. Nb1
Rxd1 21. Kxd1 Bd6 22. g3 a4 23. Nd2 axb3 24. Rb2 Bc5 25. Ke2 b6 26. Rxb3 Ra8 27.
Nb1 Ra4 28. Rc3 e5 29. Rc2 e4 30. f3 Ke6 31. f4 Bd4 32. h3 h5 33. Rc1 Kd6 34.
Nc3 Bxc3 35. Rxc3 Kc5 36. g4 fxg4 37. hxg4 hxg4 38. f5 Rxc4 39. Rg3 Kd4 40. Rxg4
Rc2+ 41. Kd1 Ra2 42. Rg3 e3 0-1

[Event "46th Capablanca Memorial Open A"]
[Site "Havana CUB"]
[Date "2010.05.13"]
[Round "3.27"]
[White "Garrido Dominguez, Jesus"]
[Black "Pulvett, Daniel"]
[Result "1-0"]
[WhiteTitle "IM"]
[BlackTitle "IM"]
[WhiteElo "2417"]
[BlackElo "2282"]
[WhiteFideId "2254174"]
[BlackFideId "3900410"]
[EventDate "2011.05.11"]

1. e4 c5 2. Nf3 d6 3. d4 cxd4 4. Nxd4 Nf6 5. Nc3 g6 6. f4 Bg7 7. e5 Nh5 8. Bb5+
Bd7 9. Qe2 Bxb5 10. Qxb5+ Qd7 11. g4 Nxf4 12. Bxf4 dxe5 13. Nd5 O-O 14. Bg5 Qxg4
15. Ne2 Qxg5 16. Qxb7 Qh4+ 17. Ng3 e6 18. Nc3 Qc4 19. Qxa8 Nc6 20. Qb7 Rb8 21.
Qc7 Rxb2 22. Nce2 f5 23. O-O Qc5+ 24. Rf2 h5 25. Qc8+ Kh7 26. Qxe6 Rxc2 27. Rf1
e4 28. Kh1 1-0

[Event "46th Capablanca Memorial Open A"]
[Site "Havana CUB"]
[Date "2010.05.13"]
[Round "3.28"]
[White "Garcia Pantoja, Roberto"]
[Black "Sanchez Castillo, Sarai"]
[Result "1-0"]
[WhiteTitle "FM"]
[BlackTitle "IM"]
[WhiteElo "2411"]
[BlackElo "2268"]
[WhiteFideId "3509265"]
[BlackFideId "3900754"]
[EventDate "2011.05.11"]

1. e4 e6 2. d4 d5 3. Nc3 Bb4 4. e5 c5 5. a3 Bxc3+ 6. bxc3 Ne7 7. Nf3 Nbc6 8. Bd3
c4 9. Be2 Bd7 10. O-O Qc7 11. Nh4 O-O-O 12. a4 Ng6 13. Nxg6 hxg6 14. Ba3 Qa5 15.
Qd2 Rh4 16. f4 Rdh8 17. h3 f6 18. Bd6 g5 19. fxg5 Nxd4 20. Bg4 Nf5 21. Bxf5 exf5
22. Rab1 d4 23. exf6 gxf6 24. gxf6 Qd5 25. Bg3 Re4 26. Rbe1 Bc6 27. Rxe4 Qxe4
28. Rf4 dxc3 29. Qf2 Qe6 30. Rxf5 1-0

[Event "46th Capablanca Memorial Open A"]
[Site "Havana CUB"]
[Date "2010.05.13"]
[Round "3.29"]
[White "Ynojosa, Felix Jose"]
[Black "Borges Feria, Yasel"]
[Result "1/2-1/2"]
[BlackTitle "FM"]
[WhiteElo "2255"]
[BlackElo "2406"]
[WhiteFideId "3900258"]
[BlackFideId "3504921"]
[EventDate "2011.05.11"]

1. e4 c5 2. c3 Nf6 3. e5 Nd5 4. d4 cxd4 5. cxd4 e6 6. Nc3 Nxc3 7. bxc3 Qc7 8.
Bd2 d6 9. f4 Nc6 10. Bd3 d5 11. Ne2 g6 12. O-O h5 13. Rb1 Na5 14. f5 gxf5 15.
Nf4 Bd7 16. Nxh5 O-O-O 17. Bg5 Re8 18. Nf6 Rd8 19. Nxd7 Rxd7 20. Bb5 Be7 21.
Bxd7+ Qxd7 22. Bxe7 Qxe7 23. Qa4 b6 24. Rf3 Nc4 25. Rb4 Qc7 26. Qd1 f6 27. Rxc4
dxc4 28. Re3 f4 29. Re1 Qh7 30. h3 f5 31. Qf3 Qb7 32. Qxf4 Rg8 33. Re2 b5 34.
Kh2 Qd5 35. Rb2 Kc7 36. Qh6 Rd8 37. Qg7+ Rd7 38. Qf8 a5 39. a3 Rd8 40. Qg7+ Rd7
41. Qg8 Rd8 42. Qg5 Rd7 43. h4 Kc6 44. Qg6 Re7 45. Qg8 Kc7 46. Re2 Qc6 47. h5
Qe8 48. Qxe8 Rxe8 49. g4 fxg4 50. Kg3 b4 51. cxb4 axb4 52. Rc2 bxa3 53. Rxc4+
Kb7 54. Rb4+ Kc6 55. Ra4 Kd5 56. Kxg4 Rg8+ 57. Kf4 Rg2 58. Rxa3 Kxd4 59. Rh3
Rf2+ 60. Kg5 Kxe5 61. Kg6 Rg2+ 62. Kf7 Rf2+ 63. Ke7 Kf5 64. h6 Kg6 65. h7 Rf7+
66. Kxe6 Rxh7 67. Rg3+ Kh6 1/2-1/2

[Event "46th Capablanca Memorial Open A"]
[Site "Havana CUB"]
[Date "2010.05.13"]
[Round "3.30"]
[White "Quesada Perez, Yasser"]
[Black "Enrique Hernandez, Eddy Ernesto"]
[Result "1-0"]
[WhiteTitle "FM"]
[WhiteElo "2401"]
[BlackElo "2206"]
[WhiteFideId "3509362"]
[BlackFideId "3508765"]
[EventDate "2011.05.11"]

1. e4 e6 2. d4 d5 3. Nd2 c5 4. Ngf3 Nc6 5. exd5 exd5 6. Be2 Nf6 7. O-O cxd4 8.
Nb3 Be7 9. Nfxd4 O-O 10. c3 a6 11. Re1 Qc7 12. h3 Bd6 13. Bd3 Bf4 14. Bxf4 Qxf4
15. a4 Qg5 16. Nf3 Qh5 17. a5 Rb8 18. Ra4 g5 19. Be2 Qg6 20. Nbd4 Ne4 21. c4 Nc5
22. cxd5 Nxa4 23. dxc6 b5 24. axb6 Nxb6 25. Bd3 Qf6 26. Qc2 Nd5 27. Bxh7+ Kh8
28. Re5 Nb4 29. Qe4 Qf4 30. Rxg5 Qxe4 31. Bxe4 Nxc6 32. Nxc6 Rxb2 33. Nfd4 Re8
34. f3 Bb7 35. Ne5 Re7 36. Ng4 Bxe4 37. fxe4 Rb6 38. e5 Rd7 39. Nf5 Rb1+ 40. Kh2
f6 41. Nxf6 1-0

[Event "46th Capablanca Memorial Open A"]
[Site "Havana CUB"]
[Date "2010.05.13"]
[Round "3.31"]
[White "Hernandez Moya, Yuleisis"]
[Black "Ruiz Sanchez, Orlen"]
[Result "0-1"]
[WhiteTitle "WFM"]
[BlackTitle "FM"]
[WhiteElo "2174"]
[BlackElo "2392"]
[WhiteFideId "3511685"]
[BlackFideId "3506231"]
[EventDate "2011.05.11"]

1. e4 c5 2. Nf3 e6 3. d4 cxd4 4. Nxd4 Nc6 5. Nxc6 bxc6 6. c4 Nf6 7. Bd3 e5 8.
Bg5 Bc5 9. O-O h6 10. Bd2 d6 11. Nc3 O-O 12. a3 Bg4 13. Qc1 a5 14. Be3 Nd7 15.
Na4 Bxe3 16. Qxe3 Qb8 17. Bc2 Rd8 18. Rab1 Be6 19. b3 Nf6 20. Rfe1 Qc7 21. c5
dxc5 22. Nxc5 Rd4 23. Nxe6 fxe6 24. f3 Qd6 25. a4 Rd8 26. Rbc1 c5 27. Red1 Qb6
28. Kf1 Nd7 29. Ke2 Nb8 30. Qc3 Nc6 31. Bd3 Nb4 32. Bb1 Qa6+ 33. Qc4 Qxc4+ 34.
bxc4 Kf7 35. Ke1 g5 36. Ke2 Kf6 37. Rxd4 exd4 38. Kd2 Rb8 39. Rf1 Nc6 40. f4
gxf4 41. Rxf4+ Ke5 42. Rf1 Rb2+ 43. Kc1 Rxg2 44. Rh1 Nb4 45. h4 d3 46. h5 Kd4
47. e5 Kxc4 0-1

[Event "46th Capablanca Memorial Open A"]
[Site "Havana CUB"]
[Date "2010.05.13"]
[Round "3.32"]
[White "Figueredo Losada, Leonel"]
[Black "Fleites Martin, Yuleikys"]
[Result "1/2-1/2"]
[WhiteTitle "FM"]
[BlackTitle "WIM"]
[WhiteElo "2381"]
[BlackElo "2167"]
[WhiteFideId "3507971"]
[BlackFideId "3502759"]
[EventDate "2011.05.11"]

1. e4 c5 2. Nf3 g6 3. d4 cxd4 4. Nxd4 Nc6 5. Nc3 Bg7 6. Be3 Nf6 7. Bc4 O-O 8.
Bb3 d6 9. f3 Bd7 10. Qd2 Na5 11. h4 h5 12. O-O-O Nxb3+ 13. cxb3 b5 14. Ndxb5 Qb8
15. Nd4 a5 16. Nc2 Rc8 17. Bd4 a4 18. b4 Be6 19. Kb1 d5 20. exd5 Bf5 21. a3 Rc4
22. Ka1 Qb7 23. Be5 Bxc2 24. Qxc2 Nxd5 25. Bxg7 Kxg7 26. Qd3 Nxc3 27. Qxc4 Nxd1
28. Rxd1 Rc8 29. Qd3 Rc6 30. Qd7 Qb5 31. Qxe7 Rc2 32. g4 Qc4 33. Qe3 hxg4 34.
fxg4 Qxg4 35. Qe5+ Kh7 36. Rf1 Rf2 37. Rh1 Qf3 38. Re1 Rf1 39. b5 Qf2 40. Rb1
Rxb1+ 41. Kxb1 Qf1+ 42. Kc2 Qc4+ 43. Kd2 Qxh4 44. Qc5 Qf6 45. Kc2 Qf3 46. b6
Qb3+ 47. Kc1 Kh6 48. Qb4 Qe6 49. b7 Qc6+ 50. Kd2 Qd5+ 51. Kc3 Qc6+ 52. Kd4 Qd7+
53. Ke5 Qe6+ 54. Kd4 Qd7+ 55. Ke3 Qh3+ 56. Ke2 Qg2+ 57. Ke1 Qh1+ 58. Kf2 Qh2+
59. Kf3 Qh3+ 60. Ke4 Qf5+ 61. Ke3 Qh3+ 62. Kd2 Qg2+ 63. Kc1 Qc6+ 64. Kb1 Qh1+
65. Ka2 Qd5+ 66. b3 Qg2+ 67. Kb1 Qh1+ 68. Kc2 Qc6+ 69. Kd2 Qd7+ 70. Ke2 Qe6+ 71.
Kf2 Qf5+ 72. Ke3 Qh3+ 73. Kf2 Qh2+ 74. Ke3 Qh3+ 75. Kd4 Qd7+ 76. Kc5 Qc7+ 77.
Kd4 Qd7+ 78. Ke5 Qe6+ 79. Kd4 Qd7+ 80. Kc3 Qc6+ 81. Kd4 Qd7+ 1/2-1/2

[Event "46th Capablanca Memorial Open A"]
[Site "Havana CUB"]
[Date "2010.05.13"]
[Round "3.33"]
[White "Miranda Rodriguez, Tania"]
[Black "Mena Crespo, Carlos"]
[Result "0-1"]
[WhiteTitle "WFM"]
[BlackTitle "FM"]
[WhiteElo "2167"]
[BlackElo "2347"]
[WhiteFideId "3510417"]
[BlackFideId "3506410"]
[EventDate "2011.05.11"]

1. e4 e6 2. d4 d5 3. Nd2 Nf6 4. e5 Ng8 5. f4 b6 6. c3 Qd7 7. Bd3 Ba6 8. Bc2 g6
9. Ne2 h5 10. O-O Nh6 11. b3 Nf5 12. Nf3 Be7 13. Re1 h4 14. Kf2 c5 15. a4 Nc6
16. Ba3 Rc8 17. Qd2 Kf8 18. Rec1 Kg7 19. b4 cxb4 20. cxb4 Bc4 21. Bb1 a5 22. b5
Nb4 23. Bxf5 gxf5 24. Ne1 Rh6 25. Rc3 Rg6 26. Nc1 Rg8 27. Ncd3 Kh7 28. Bxb4 axb4
29. Rcc1 b3 30. Nb2 Bf8 31. Nxc4 dxc4 32. Kf1 Qd5 33. Rc3 Bb4 34. Rac1 Qe4 35.
Qf2 Bxc3 36. Rxc3 Rg4 37. Rxc4 Rxf4 38. Nf3 Qd3+ 39. Qe2 Rxf3+ 0-1

[Event "46th Capablanca Memorial Open A"]
[Site "Havana CUB"]
[Date "2010.05.13"]
[Round "3.34"]
[White "Cardenas Ballester, Maydelin"]
[Black "Yanes Canizares, Alejandro"]
[Result "0-1"]
[WhiteTitle "WFM"]
[WhiteElo "2114"]
[BlackElo "2330"]
[WhiteFideId "3508242"]
[BlackFideId "3506134"]
[EventDate "2011.05.11"]

1. e4 d6 2. d4 g6 3. c3 Bg7 4. Bd3 Nf6 5. Ne2 O-O 6. O-O a6 7. h3 c5 8. Be3 Qc7
9. f4 b5 10. Nd2 Bb7 11. g4 cxd4 12. cxd4 Nc6 13. Rc1 Qb6 14. Bf2 Nb4 15. Bb1 d5
16. e5 Ne4 17. a3 Nxf2 18. Rxf2 Nc6 19. Nb3 Rac8 20. Nc5 Rc7 21. b4 a5 22. Qe1
axb4 23. axb4 Ra8 24. h4 Ra4 25. Nxa4 bxa4 26. Rc5 e6 27. Qc3 Bf8 28. b5 Nxd4
29. Rxc7 Nxe2+ 30. Kf1 Nxc3 31. Rxc3 d4 32. Rh3 Qxb5+ 33. Bd3 Qb3 34. Kg1 Qd1+
35. Kh2 Qh1+ 0-1

[Event "46th Capablanca Memorial Open A"]
[Site "Havana CUB"]
[Date "2010.05.13"]
[Round "3.35"]
[White "Estrada Nieto, Julian"]
[Black "Frometa Castillo, Zirka"]
[Result "1/2-1/2"]
[WhiteTitle "IM"]
[BlackTitle "WGM"]
[WhiteElo "2316"]
[BlackElo "2125"]
[WhiteFideId "5101018"]
[BlackFideId "3501434"]
[EventDate "2011.05.11"]

1. e4 c6 2. d4 g6 3. Nc3 Bg7 4. Nf3 d5 5. h3 e6 6. Bf4 Ne7 7. Be2 O-O 8. Qd2 b5
9. a3 Nd7 10. O-O Nb6 11. Bh6 a5 12. Bd3 Nc4 13. Bxc4 bxc4 14. Rfe1 Bb7 15. Qf4
f6 16. Bxg7 Kxg7 17. Na4 g5 18. Qe3 Ng6 19. Nc5 1/2-1/2

[Event "46th Capablanca Memorial Open A"]
[Site "Havana CUB"]
[Date "2010.05.13"]
[Round "3.36"]
[White "Ubaldo Suarez, Maria Gisela"]
[Black "Larrua Gonzalez, Fernando Oscar"]
[Result "0-1"]
[WhiteTitle "WIM"]
[BlackTitle "FM"]
[WhiteElo "2079"]
[BlackElo "2316"]
[WhiteFideId "3900630"]
[BlackFideId "3510662"]
[EventDate "2011.05.11"]

1. d4 Nf6 2. Nf3 e6 3. c4 b6 4. Nc3 Bb7 5. e3 d5 6. cxd5 exd5 7. Bd3 Bd6 8. O-O
O-O 9. Nb5 Be7 10. Bd2 a6 11. Nc3 Bd6 12. Ne5 c5 13. f4 Nc6 14. Nxc6 Bxc6 15.
Rf3 Ne4 16. Rh3 f5 17. Qh5 h6 18. Nxe4 fxe4 19. dxc5 Bxc5 20. Be2 Qf6 21. Rg3
Qxb2 22. Rd1 Rf6 23. Qg4 Bf8 24. Bc1 Qxa2 25. Rd2 Qb1 26. Rd1 Ba4 27. Rf1 Qa2
28. Bd1 Bxd1 29. Qxd1 Rc8 30. Qd4 Be7 31. Qe5 Re8 32. Bb2 Kf8 33. Qc3 Qc4 34.
Qd2 Rf7 35. Rc1 Qd3 36. Qe1 Bc5 37. Kh1 Qb3 38. Qe2 Qd3 39. Qe1 a5 40. Rg6 Qxe3
41. Qd1 d4 0-1

[Event "46th Capablanca Memorial Open A"]
[Site "Havana CUB"]
[Date "2010.05.13"]
[Round "3.38"]
[White "Alarcon Casellas, Rolando"]
[Black "Adel Lahchaichi, Oussama"]
[Result "1-0"]
[WhiteTitle "FM"]
[BlackTitle "FM"]
[WhiteElo "2448"]
[BlackElo "2265"]
[WhiteFideId "3507610"]
[BlackFideId "2207885"]
[EventDate "2011.05.11"]

1. e4 c5 2. Nf3 Nc6 3. Bb5 Nf6 4. e5 Nd5 5. O-O g6 6. Nc3 Nc7 7. Bxc6 dxc6 8.
Ne4 Ne6 9. d3 Bg7 10. Be3 b6 11. Qd2 O-O 12. Bh6 Nd4 13. Nxd4 Qxd4 14. Bxg7 Kxg7
15. Qc3 Rd8 16. Rfe1 Qxc3 17. Nxc3 Be6 18. b3 Rd7 19. f3 Re8 20. Kf2 f5 21.
exf6+ exf6 22. Re4 f5 23. Re3 Bf7 24. Rxe8 Bxe8 25. Re1 Bf7 26. f4 Kf6 27. g3
Re7 28. Ne2 h6 29. h4 Bd5 30. c4 Bf7 31. Rd1 Rd7 32. Ke3 Re7+ 33. Kf2 Rd7 34.
Ke3 Re7+ 35. Kd2 g5 36. hxg5+ hxg5 37. Rh1 g4 38. Rh8 Re8 39. Rh6+ Bg6 40. Rh2
Rd8 41. Rh1 Kg7 42. a3 Bf7 43. Rh2 a5 44. Nc3 b5 45. Kc2 a4 46. bxa4 bxc4 47.
Rd2 Rd4 48. dxc4 Bxc4 49. a5 Kf6 50. Rxd4 cxd4 51. Na4 Ke6 52. a6 Bxa6 53. Nc5+
Kd5 54. Nxa6 Ke4 55. Nc5+ Kf3 56. Nd3 1-0

[Event "46th Capablanca Memorial Open A"]
[Site "Havana CUB"]
[Date "2010.05.13"]
[Round "3.39"]
[White "Otero Acosta, Diasmany"]
[Black "Girones Barrios, Yans Richard"]
[Result "1-0"]
[WhiteTitle "IM"]
[WhiteElo "2440"]
[BlackElo "2221"]
[WhiteFideId "3503186"]
[BlackFideId "3506142"]
[EventDate "2011.05.11"]

1. d4 d5 2. c4 dxc4 3. Nf3 Nf6 4. e3 e6 5. Bxc4 c5 6. O-O a6 7. Qe2 b5 8. Bd3
Nbd7 9. a4 b4 10. Nbd2 Bb7 11. Nc4 Be7 12. Rd1 cxd4 13. exd4 Nb6 14. Na5 Bxf3
15. Qxf3 Qd5 16. Qxd5 Nbxd5 17. Nc6 Bd6 18. a5 O-O 19. Bd2 Rfc8 20. Rdc1 Kf8 21.
Ne5 Bxe5 22. dxe5 Nd7 23. Rxc8+ Rxc8 24. Bxa6 Rc2 25. Be3 Nxe3 26. fxe3 Nxe5 27.
Bb7 Nc6 28. Bxc6 Rxc6 29. a6 Rc8 30. Kf2 Ke7 31. Ke2 Kd6 32. Kd3 Ra8 33. Kc4 Kc6
34. Kxb4 Kb6 35. a7 f5 36. Kc4 Kb7 37. Kb5 e5 38. Rd1 Re8 39. Rd7+ Ka8 40. Rxg7
f4 41. e4 Rf8 42. b4 h5 43. Ka6 Rf6+ 44. Ka5 h4 45. b5 h3 46. b6 1-0

[Event "46th Capablanca Memorial Open A"]
[Site "Havana CUB"]
[Date "2010.05.13"]
[Round "3.40"]
[White "Soppe, Guillermo"]
[Black "Corrales Jimenez, Zenia"]
[Result "1-0"]
[WhiteTitle "IM"]
[BlackTitle "WFM"]
[WhiteElo "2430"]
[BlackElo "2182"]
[WhiteFideId "100323"]
[BlackFideId "3506355"]
[EventDate "2011.05.11"]

1. Nf3 Nf6 2. g3 g6 3. b4 d5 4. Bb2 Bg7 5. Bg2 O-O 6. O-O c6 7. d3 a5 8. a3 axb4
9. axb4 Rxa1 10. Bxa1 Bf5 11. Nbd2 Qc8 12. c4 dxc4 13. Nxc4 Bh3 14. Qc2 Bxg2 15.
Kxg2 Na6 16. Rb1 Nc7 17. Na5 Nb5 18. Rc1 Rd8 19. Qb3 Ne8 20. Bxg7 Kxg7 21. h4
Ned6 22. h5 Qf5 23. Qb2+ Qf6 24. Qxf6+ exf6 25. hxg6 fxg6 26. e3 h5 27. d4 g5
28. Ne1 Re8 29. Nd3 Nc7 30. Nc5 b6 31. Ncb7 Nxb7 32. Rxc6 Nd8 33. Rxc7+ 1-0

[Event "46th Capablanca Memorial Open A"]
[Site "Havana CUB"]
[Date "2010.05.13"]
[Round "3.41"]
[White "Perez Rodriguez, Jennifer"]
[Black "Gomez Fontal, Felix Manuel"]
[Result "0-1"]
[WhiteTitle "WIM"]
[BlackTitle "IM"]
[WhiteElo "2227"]
[BlackElo "2417"]
[WhiteFideId "3507831"]
[BlackFideId "3500357"]
[EventDate "2011.05.11"]

1. e4 e5 2. Nf3 Nc6 3. Bc4 Nf6 4. d3 Bc5 5. c3 a6 6. Bb3 Ba7 7. Nbd2 d6 8. h3 h6
9. Nf1 Be6 10. Ng3 O-O 11. O-O d5 12. Qe2 Re8 13. Nh4 Nxe4 14. dxe4 Qxh4 15.
exd5 Bxh3 16. dxc6 Qxg3 17. Qe4 Rad8 18. cxb7 Rd6 19. Be3 Bxe3 20. fxe3 Rd2 21.
Bxf7+ Kh8 22. Bd5 Bxg2 23. Qxg2 Rxg2+ 24. Bxg2 Qxe3+ 25. Kh1 Qb6 0-1

[Event "46th Capablanca Memorial Open A"]
[Site "Havana CUB"]
[Date "2010.05.13"]
[Round "3.42"]
[White "Romero Nunez, Wendy"]
[Black "Wohl, Aleksandar H."]
[Result "1/2-1/2"]
[WhiteTitle "WFM"]
[BlackTitle "IM"]
[WhiteElo "2132"]
[BlackElo "2411"]
[WhiteFideId "3510174"]
[BlackFideId "3200345"]
[EventDate "2011.05.11"]

1. d4 e6 2. c4 b6 3. Nf3 Bb7 4. g3 Bb4+ 5. Bd2 a5 6. Bg2 Nf6 7. O-O O-O 8. Nc3
d6 9. b3 Nbd7 10. a3 Bxc3 11. Bxc3 Ne4 12. Bb2 f5 13. d5 exd5 14. cxd5 Qe7 15.
Rc1 Rac8 16. Nd4 Bxd5 17. Nb5 Qf7 18. Bxe4 fxe4 19. Rxc7 Rxc7 20. Nxc7 Bxb3 21.
Qxd6 Bc4 22. Bd4 Rc8 23. Rb1 Nc5 24. Nb5 Bxe2 25. Qxb6 Nd7 26. Qxa5 Qf5 27. Qb4
e3 28. Bxe3 Ne5 29. Nd4 Nf3+ 30. Nxf3 Bxf3 31. Qb5 Qe6 32. h4 Bc6 33. Qf1 Qe4
34. Kh2 Rf8 35. Rb4 Qf3 36. Bc5 Rf5 37. Rb8+ Kf7 38. Rf8+ Kg6 39. Rxf5 Kxf5 40.
Bf8 g5 41. hxg5 Kxg5 42. Qc1+ Kf5 43. Qc5+ Kg6 44. Qd6+ Kf5 45. Qc5+ Kg6 46.
Qd6+ Kf5 47. Qf4+ Qxf4 48. gxf4 Kxf4 49. Bc5 Ke5 50. Kg3 Kd5 51. Bb4 Bd7 52. f4
Kc6 1/2-1/2

[Event "46th Capablanca Memorial Open A"]
[Site "Havana CUB"]
[Date "2010.05.13"]
[Round "3.43"]
[White "Illas Pueyo, Leonardo"]
[Black "Gascon, Jose Rafael"]
[Result "1-0"]
[WhiteTitle "FM"]
[WhiteElo "2310"]
[BlackElo "2120"]
[WhiteFideId "3504212"]
[BlackFideId "3902463"]
[EventDate "2011.05.11"]

1. Nf3 Nf6 2. g3 g6 3. b3 Bg7 4. Bb2 O-O 5. Bg2 d5 6. c4 c5 7. O-O Nc6 8. cxd5
Nxd5 9. Bxg7 Kxg7 10. d4 cxd4 11. Nxd4 Ndb4 12. Nxc6 Nxc6 13. Nc3 Qc7 14. Nd5
Qd6 15. Qc2 e5 16. e3 Be6 17. Rfd1 Rac8 18. Nb6 Qxd1+ 19. Rxd1 axb6 20. Qb2 f6
21. Rd6 Kf7 22. Bd5 Bxd5 23. Rxd5 Rfd8 24. Qd2 Ke6 25. Rxd8 Rxd8 26. Qc2 f5 27.
Qc4+ Kf6 28. Qb5 e4 29. Qxb6 Rd7 30. Kf1 Kg5 31. Qb5 Kg4 32. Kg2 Re7 33. Qc5 Re5
34. Qd6 Kh5 35. Qc7 Re7 36. Qf4 g5 37. Qxf5 Nb4 38. Qf6 Nd5 39. Qd6 1-0